Top 10 Largest Australian Deserts - Statistics

General Stats
  • This quiz has been taken 33 times
  • The average score is 4 of 10
Answer Stats
km2 Desert % Correct
267,250 Great Sandy
83%
348,750 Great Victoria
75%
176,500 Simpson
75%
184,500 Tanami
50%
156,000 Gibson
42%
29,750 Sturt Stony
25%
111,500 Little Sandy
17%
1,250 Pedirka
17%
80,250 Strzelecki
17%
15,250 Tirari
17%
No matching quizzes found
Score Distribution
Percent of People with Each Score
Percentile by Number Answered
Your Score History
You have not taken this quiz